[Event "Plateliai Plunge op-A 42nd"]
[Site "Plateliai"]
[Date "2023.07.22"]
[Round "8"]
[White "Sarauskas, Andrius"]
[Black "Salna, Aleksandras"]
[Result "0-1"]
[WhiteElo "1998"]
[BlackElo "2197"]
[PlyCount "98"]
[EventDate "2023.07.17"]
[EventType "swiss"]
[EventRounds "9"]
[EventCountry "LTU"]
[SourceTitle "CBM 215 Extra"]
[Source "ChessBase"]
[SourceDate "2023.09.30"]
[SourceVersion "1"]
[SourceVersionDate "2023.09.30"]
[SourceQuality "1"]

1. Nf3 Nf6 2. g3 b5 3. d3 Bb7 4. e4 e6 5. Bg2 c5 6. Nbd2 d6 7. 0-0 Nc6 8. Qe2 Be7 9. d4 cxd4 10. Qxb5 Qb6 11. Qxb6 axb6 12. Ne1 0-0 13. Nd3 Nd7 14. Re1 Nc5 15. e5 d5 16. Bf1 Nxd3 17. Bxd3 Nb4 18. Nb3 Ba6 19. Rd1 Bxd3 20. cxd3 Nc2 21. Rb1 Rxa2 22. Bd2 Rc8 23. Rdc1 Raa8 24. Kf1 f6 25. f4 fxe5 26. fxe5 Kf7 27. Ke2 Ke8 28. Kd1 Ne3+ 29. Ke2 Bc5 30. Bxe3 dxe3 31. Nxc5 Rxc5 32. Kxe3 Ra2 33. b4 Rxc1 34. Rxc1 Kd7 35. Rf1 Ke7 36. Rc1 Kf7 37. Rc6 b5 38. Kd4 Rxh2 39. Kc5 Rg2 40. Kd6 Rxg3 41. Rc7+ Kg6 42. Kxe6 Rxd3 43. Rc5 h5 44. Rxb5 h4 45. Rb8 d4 46. Kd7 Re3 47. Rh8 h3 48. e6 d3 49. Rh4 d2 0-1

[Event "Plateliai Plunge op-A 42nd"]
[Site "Plateliai"]
[Date "2023.07.19"]
[Round "4"]
[White "Levitsky, Andrey"]
[Black "Salna, Aleksandras"]
[Result "1/2-1/2"]
[WhiteElo "2295"]
[BlackElo "2197"]
[PlyCount "133"]
[EventDate "2023.07.17"]
[EventType "swiss"]
[EventRounds "9"]
[EventCountry "LTU"]
[SourceTitle "CBM 215 Extra"]
[Source "ChessBase"]
[SourceDate "2023.09.30"]
[SourceVersion "1"]
[SourceVersionDate "2023.09.30"]
[SourceQuality "1"]

1. e4 c5 2. d4 cxd4 3. Qxd4 Nc6 4. Qd3 Nf6 5. Nc3 e5 6. Bg5 Be7 7. Nf3 0-0 8. Be2 h6 9. Bxf6 Bxf6 10. Nd5 d6 11. c3 Be6 12. Rd1 g6 13. h4 Bg4 14. g3 Bg7 15. Nd2 Be6 16. h5 Ne7 17. Ne3 f5 18. hxg6 f4 19. Ng4 Nxg6 20. Nxh6+ Bxh6 21. Rxh6 Kg7 22. Rh2 Qf6 23. Bh5 Rad8 24. gxf4 Qxf4 25. Rg2 Rf6 26. Qg3 Bf7 27. Qxf4 Rxf4 28. Ke2 Kf6 29. Bxg6 Bxg6 30. f3 Rh4 31. Nc4 Bh5 32. Ne3 Ke6 33. Nf5 Rxe4+ 34. Kf2 Kf6 35. Nxd6 Rf4 36. Ne4+ Ke7 37. Rg7+ Bf7 38. Rxd8 Kxd8 39. Ke3 Bh5 40. Nd2 Bf7 41. Ne4 b6 42. a3 Bh5 43. Ng5 Rh4 44. Rh7 Kc8 45. Kf2 Kb8 46. Kg3 Rh1 47. Kg2 Rh4 48. a4 e4 49. Kg3 Rh1 50. fxe4 Rg1+ 51. Kf4 Bd1 52. Ne6 Rg2 53. b4 Bxa4 54. Nd4 a6 55. e5 Rg1 56. e6 Re1 57. Kf5 Kc8 58. Kf6 Re3 59. Nf5 Rf3 60. Rh8+ Kc7 61. e7 Rxc3 62. Rh7 Be8 63. Ng7 Rf3+ 64. Ke6 Re3+ 65. Kf6 Rf3+ 66. Ke6 Re3+ 67. Kf6 1/2-1/2

[Event "Plateliai Plunge op-A 42nd"]
[Site "Plateliai"]
[Date "2023.07.18"]
[Round "3"]
[White "Salna, Aleksandras"]
[Black "Stremavicius, Pijus"]
[Result "1-0"]
[WhiteElo "2197"]
[BlackElo "2401"]
[PlyCount "95"]
[EventDate "2023.07.17"]
[EventType "swiss"]
[EventRounds "9"]
[EventCountry "LTU"]
[SourceTitle "CBM 215 Extra"]
[Source "ChessBase"]
[SourceDate "2023.09.30"]
[SourceVersion "1"]
[SourceVersionDate "2023.09.30"]
[SourceQuality "1"]

1. d4 d5 2. c4 e6 3. Nf3 Nf6 4. Nc3 c6 5. Bg5 Nbd7 6. e3 h6 7. Bh4 g5 8. Bg3 Nh5 9. Be2 Nxg3 10. hxg3 Bg7 11. Qc2 Qe7 12. Rd1 0-0 13. e4 dxe4 14. Qxe4 f5 15. Qe3 e5 16. Nxe5 Nxe5 17. dxe5 Qxe5 18. Qxe5 Bxe5 19. Rxh6 Kg7 20. Rh1 Be6 21. Kd2 f4 22. g4 Rad8+ 23. Kc2 Rxd1 24. Nxd1 Bf7 25. Nc3 Bd4 26. f3 Re8 27. Ne4 Bg6 28. Bd3 Bxe4 29. Bxe4 Rh8 30. Rd1 c5 31. b4 b6 32. bxc5 bxc5 33. Rb1 Rh2 34. Rb7+ Kf6 35. Rxa7 Rxg2+ 36. Kd3 Rb2 37. Ra6+ Ke7 38. Bd5 Kd7 39. a4 Bf2 40. Ke4 Re2+ 41. Kf5 Bh4 42. Be4 Ra2 43. Ke5 Kc7 44. Kf5 Ra3 45. a5 Kd7 46. Ra7+ Kd6 47. a6 Ra5 48. Rg7 1-0

[Event "LTU-ch sf"]
[Site "Vilnius"]
[Date "2023.04.12"]
[Round "3"]
[White "Salna, Aleksandras"]
[Black "Juknis, Paulius"]
[Result "0-1"]
[WhiteElo "2218"]
[BlackElo "2118"]
[PlyCount "100"]
[EventDate "2023.04.11"]
[EventType "swiss"]
[EventRounds "9"]
[EventCountry "LTU"]
[SourceTitle "CBM 213 Extra"]
[Source "ChessBase"]
[SourceDate "2023.05.31"]
[SourceVersion "1"]
[SourceVersionDate "2023.05.31"]
[SourceQuality "1"]

1. d4 Nf6 2. c4 g6 3. Nc3 Bg7 4. e4 d6 5. h3 0-0 6. Be3 Nc6 7. d5 Ne5 8. f4 Ned7 9. Bd3 e5 10. dxe6 fxe6 11. Qd2 b6 12. 0-0-0 Bb7 13. Nf3 Nc5 14. Ng5 h6 15. Bxc5 hxg5 16. Be3 gxf4 17. Bxf4 Nd7 18. Qe3 Bxc3 19. bxc3 Qf6 20. Rhf1 Qxc3+ 21. Kb1 Ne5 22. Bxe5 Qxe5 23. Rf3 Rxf3 24. gxf3 Rf8 25. Rg1 Kg7 26. Rg4 Qc5 27. Qd2 e5 28. Rh4 Rf4 29. Rxf4 exf4 30. Qxf4 Qg1+ 31. Kb2 Qg2+ 32. Bc2 Qxh3 33. Bb3 Qe6 34. Kc2 Ba6 35. Qe3 c5 36. Kd3 Bc8 37. Ke2 Qf6 38. Qd3 Qe5 39. Ba4 Be6 40. Bc6 Qb2+ 41. Ke3 Qc1+ 42. Kf2 Bxc4 43. Qxd6 Qf1+ 44. Kg3 Qg1+ 45. Kh3 Bf1+ 46. Kh4 Qh1+ 47. Kg4 Qh5+ 48. Kg3 Qh3+ 49. Kf2 Qg2+ 50. Ke1 Qe2# 0-1

[Event "EU-ch Blitz"]
[Site "Katowice"]
[Date "2022.12.16"]
[Round "7"]
[White "Arkell, Keith C"]
[Black "Salna, Aleksandras"]
[Result "1/2-1/2"]
[WhiteElo "2406"]
[BlackElo "2191"]
[PlyCount "116"]
[EventDate "2022.12.16"]
[EventType "swiss (blitz)"]
[EventRounds "22"]
[EventCountry "POL"]
[SourceTitle "CBM 211 Extra"]
[Source "ChessBase"]
[SourceDate "2023.01.31"]
[SourceVersion "1"]
[SourceVersionDate "2023.01.31"]
[SourceQuality "1"]

1. d4 d5 2. Nf3 Nf6 3. c4 c6 4. Nc3 a6 5. e3 Bf5 6. Bd3 Bxd3 7. Qxd3 e6 8. 0-0 Be7 9. Rb1 0-0 10. b4 Re8 11. a4 Nbd7 12. Rd1 h6 13. h3 Bf8 14. Bd2 e5 15. dxe5 Nxe5 16. Nxe5 Rxe5 17. Be1 Qe8 18. b5 dxc4 19. Qxc4 Rc5 20. Qb3 cxb5 21. axb5 Ne4 22. Nxe4 Qxe4 23. bxa6 bxa6 24. Qb7 Qxb7 25. Rxb7 a5 26. Ra1 a4 27. Bb4 Rc4 28. Bxf8 Kxf8 29. Ra3 g5 30. g4 Kg7 31. Kg2 Ra5 32. Kf3 Kg6 33. Rb6+ Kg7 34. Rd6 Rb4 35. Ra2 a3 36. Rd3 Rba4 37. Rb3 h5 38. Kg3 h4+ 39. Kf3 Ra6 40. Ke2 Kf6 41. Kd3 Ke6 42. Rb5 f6 43. Kc3 Rd6 44. Kb3 Ra8 45. Rc2 a2 46. Rxa2 Rxa2 47. Kxa2 Rd2+ 48. Rb2 Rd1 49. Rb6+ Ke5 50. Rb5+ Ke4 51. Rf5 Rh1 52. Kb3 Rxh3 53. Rxf6 Rf3 54. Rg6 Rxf2 55. Rxg5 h3 56. Rh5 h2 57. g5 Kxe3 58. g6 Kd4 1/2-1/2

[Event "EU-ch Blitz"]
[Site "Katowice"]
[Date "2022.12.16"]
[Round "16"]
[White "Psyk, Radoslaw"]
[Black "Salna, Aleksandras"]
[Result "1-0"]
[WhiteElo "2438"]
[BlackElo "2191"]
[PlyCount "37"]
[EventDate "2022.12.16"]
[EventType "swiss (blitz)"]
[EventRounds "22"]
[EventCountry "POL"]
[SourceTitle "CBM 211 Extra"]
[Source "ChessBase"]
[SourceDate "2023.01.31"]
[SourceVersion "1"]
[SourceVersionDate "2023.01.31"]
[SourceQuality "1"]

1. e4 c5 2. Be2 Nc6 3. d3 d6 4. f4 g6 5. Nf3 Bg7 6. 0-0 e6 7. c3 Nge7 8. Be3 0-0 9. d4 cxd4 10. cxd4 d5 11. e5 Nf5 12. Bf2 h5 13. Na3 Bd7 14. Nc2 Qb6 15. b3 Rac8 16. Bd3 Nb4 17. Nxb4 Qxb4 18. h3 Bb5 19. Be1 1-0

[Event "LTU-ch Rapid"]
[Site "Taujenai"]
[Date "2022.12.04"]
[Round "6"]
[White "Salna, Aleksandras"]
[Black "Stremavicius, Pijus"]
[Result "0-1"]
[WhiteElo "2135"]
[BlackElo "2301"]
[PlyCount "106"]
[EventDate "2022.12.03"]
[EventType "swiss (rapid)"]
[EventRounds "10"]
[EventCountry "LTU"]
[SourceTitle "CBM 211 Extra"]
[Source "ChessBase"]
[SourceDate "2023.01.31"]
[SourceVersion "1"]
[SourceVersionDate "2023.01.31"]
[SourceQuality "1"]

1. d4 d6 2. c4 e5 3. d5 g6 4. e4 Bg7 5. Nc3 Qe7 6. Bd3 f5 7. exf5 gxf5 8. Qh5+ Qf7 9. Qxf7+ Kxf7 10. f3 Na6 11. Nge2 Ne7 12. a3 c6 13. dxc6 bxc6 14. b4 Nc7 15. Bg5 Bf6 16. Bxf6 Kxf6 17. Rg1 h5 18. b5 Be6 19. a4 d5 20. cxd5 cxd5 21. Rc1 d4 22. Nb1 Ncd5 23. Kf2 Nb4 24. Rgd1 Ned5 25. Rd2 Ne3 26. Na3 Rag8 27. Rg1 Nxd3+ 28. Rxd3 f4 29. g3 fxg3+ 30. hxg3 h4 31. g4 Rf8 32. Nxd4 exd4 33. Rxd4 Nd5 34. Nc4 h3 35. Kg3 Nc3 36. Re1 h2 37. Kg2 Ne2 38. Re4 Bxc4 39. Rxc4 Ng3 40. Rc6+ Kg7 41. Kxg3 h1Q 42. Rxh1 Rxh1 43. a5 Rb1 44. b6 axb6 45. axb6 Rf6 46. Rc7+ Rf7 47. Rc3 Rxb6 48. f4 Rfb7 49. Kh4 Kf6 50. Rd3 Rb4 51. Rf3 Rh7+ 52. Kg3 Rhb7 53. Kh4 Rb3 0-1

[Event "Riga Tech op 11th"]
[Site "Riga"]
[Date "2022.08.16"]
[Round "3"]
[White "Salna, Aleksandras"]
[Black "Glek, Igor Vladimirovich"]
[Result "0-1"]
[WhiteElo "2120"]
[BlackElo "2467"]
[PlyCount "94"]
[EventDate "2022.08.15"]
[EventType "swiss"]
[EventRounds "9"]
[EventCountry "LAT"]
[SourceTitle "CBM 209 Extra"]
[Source "ChessBase"]
[SourceDate "2022.09.30"]
[SourceVersion "1"]
[SourceVersionDate "2022.09.30"]
[SourceQuality "1"]

1. d4 Nf6 2. c4 g6 3. Nc3 Bg7 4. e4 d6 5. h3 Nbd7 6. Be3 e5 7. d5 Nc5 8. Qc2 a5 9. g4 0-0 10. Nge2 Bd7 11. Ng3 c6 12. Be2 a4 13. f3 cxd5 14. cxd5 Qa5 15. Kf2 Rfc8 16. Qd2 a3 17. Rhb1 axb2 18. Rxb2 Qxc3 19. Qxc3 Ncxe4+ 20. Nxe4 Nxe4+ 21. fxe4 Rxc3 22. Rxb7 Bc8 23. Rb2 Bf6 24. g5 Be7 25. a4 f5 26. Bf3 fxe4 27. Bxe4 Ba6 28. Bd2 Rxh3 29. Bg2 Rf8+ 30. Kg1 Rg3 31. a5 Bxg5 32. Bxg5 Rxg5 33. Rb6 Bc4 34. Rxd6 Rb8 35. Rc1 Rb2 36. Rxc4 Rgxg2+ 37. Kh1 Rh2+ 38. Kg1 Rbg2+ 39. Kf1 Ra2 40. Kg1 Rhd2 41. Rc1 Kg7 42. a6 h5 43. Rd7+ Kh6 44. a7 h4 45. d6 h3 46. Rd8 Rg2+ 47. Kf1 h2 0-1